000
00304nam a2200133Ia 4500
005
20260328104247.0
008
260328s9999||||xx |||||||||||||| ||und||
100
_a
Troyat, Henri
245
0
_a
El Arquitecto /
_c
Henri Troyat
260
_b
Ultramar
300
_a
239 p.
650
_a
TEORÍA
942
_c
BK
999
_c
10114
_d
10114